Open Data Biblioteca Nacional de Portugal


República Portuguesa: Ministério da Cultura
Biblioteca Nacional de Portugal

Catálogo da BNP: acesso por Identificadores Unívocos
Registos Bibliográficos associados ao registo de autoridade

Etiqueta de registo: 00230nam 2200025 450
001 1742580
003 http://id.bnportugal.gov.pt/bib/catbnp/1742580
010 ## $a972-695-337-5
021 ## $aPT$b253865/07
100 ## $a20100407d2007 m y0pory0103 ba
101 1# $apor
102 ## $aPT
105 ## $aa z 000zy
106 ## $ar
200 1# $aPor amor das cidades$econversas com Jean Lebrun$fJacques le Goff$gtrad. Telma Costa
210 #9 $aLisboa$cTeorema,$dimp. 2007
215 ## $a159 p.$cil.$d21 cm
320 ## $aBibliografia, p. 153-156
675 ## $a94"12/19"(047.53)$vBN$zpor$31997509
675 ## $a711.4"12/19"(047.53)$vBN$zpor$31997511
675 ## $a94Le Goff(047.53)$vBN$zpor$31997506
700 #1 $aLe Goff,$bJacques,$f1924-2014$3558097
702 #1 $aLebrun,$bJean$4470$31416584
702 #1 $93$aCosta,$bTelma$4730$324753
801 #0 $aPT$bBN$gRPC
900 ## $aBIBNAC$d20100614
966 ## $lBN$mFGMON$sB.A. 31475 V.$x1
966 ## $lBN$mFGMON$sB.A. 31475 V.-D$x1

Etiqueta de registo: 00254nam 2200025 450
001 2220302
003 http://id.bnportugal.gov.pt/bib/catbnp/2220302
010 ## $a972-695-337-5
100 ## $a20250715d1999 m y0pory01030103ba
101 1# $apor
102 ## $aPT
105 ## $aa z 000yy
106 ## $ar
200 1# $aPor amor das cidades$econversas com Jean Lebrun$fJacques le Goff$gtrad. Telma Costa
210 #9 $aLisboa$cTeorema,$d1999
215 ## $a159 p.$cil.$d21 cm
317 ## $aBiblioteca de Fernando Braz de Oliveira$5PTBN: H.G. 89158 V.
675 ## $a94"12/19"(047.53)$vBN$zpor$31997509
675 ## $a711.4"12/19"(047.53)$vBN$zpor$31997511
675 ## $a94Le Goff(047.53)$vBN$zpor$31997506
700 #1 $aLe Goff,$bJacques,$f1924-2014$3558097
701 #1 $aLebrun,$bJean$4470$31416584
702 #1 $93$aCosta,$bTelma$4730$324753
801 #0 $aPT$bBN$gRPC
966 ## $lBN$mFGMON$pBiblioteca Fernando Braz de Oliveira$sH.G. 89158 V.$x3
971 ## $cabrito$d20250715
972 ## $e0$z0$d20260601$vlrevez
973 ## $cigoulao$d20260504

OpendataBNP@bnportugal.pt | Mais informação sobre acesso aos dados BNP